01745nam a2200337 a 4500001001000000003000400010005001700014008004100031020001800072040002500090082002200115100003800137245007600175260006800251300002100319490004000340500007300380500007400453590002600527600003700553650005300590650005300643910003800696942001400734952012600748952013500874952013501009952012001144952012601264999001701390000018813OSt20260321073640.0100519s2010 dr 001 0 spa d a9789945020915 aDO-SdBNPbspacBNPHU aRD863.4409bV145c1 aValdez, Diógenes,d1941-92051110aCuatro aspectos sobre la literatura de Juan Bosch /cDiógenes Valdez. aSanto Domingo :bArchivo General de la Nación,c2010.fBúho a255 p. ;c23 cm.1 aArchivo General de la Naciónv105 aIncluye datos biográficos del autor en las solapas de la cubierta. aIncluye referencias bibliográficas y notas al pie de las páginas. aInventariado, 2020/VM10a Bosch, Juan, d1909-2001976555 4aLiteratura dominicanaxHistoria y crítica9159 4aCuentos dominicanosxHistoria y crítica910852 aValidado. Control de calidad EMS. 2ddccLBS1 0010718DSaGRbGRcHDd2010-05-19iLF1l0oRD863.4409 V145cp18813-30r2020-06-25te. 3w2020-06-25yLFDSZNo se presta 001054708DSaGRbGRcHDd2011-04-15iLF1l0oRD863.4409 V145cp18813-40r2020-06-25te. 4w2020-06-25yLFDSZPréstamo en sala 001054708DSaGRbGRcHDd2011-10-27iLF1l0oRD863.4409 V145cp18813-50r2020-06-25te. 5w2020-06-25yLFDSZPréstamo en sala 0010718PDaPDbPDcHDd2010-05-19iLF1l0oRD863.4409 V145cp18813-10r2020-06-25w2020-06-25yLFPDZNo se presta 0010718PDaPDbPDcHDd2010-05-19iLF1l0oRD863.4409 V145cp18813-20r2020-06-25te. 2w2020-06-25yLFPDZNo se presta c18333d18333